Primeros estados de EE.UU. colonizados por europeos - Estadísticas

Estadísticas generales
  • Esta prueba ha sido intentada 114 veces
  • La puntuación promedio es 6 de 11
Estadísticas de respuestas
Año Colonizada por… Ciudad Estado % Correcto
1565 España St. Augustine Florida
92%
1614 Países Bajos Albany Nueva York
85%
1631 Inglaterra Biddeford Maine
69%
1607 Inglaterra Jamestown Virginia
64%
1610 España Santa Fe Nuevo México
49%
1630 Países Bajos Pavonia (today Jersey City) Nueva Jersey
47%
1634 Inglaterra St. Mary's City Maryland
41%
1620 Inglaterra Plymouth Massachusetts
38%
1623 Inglaterra Dover Nuevo Hampshire
34%
1633 Inglaterra Windsor Connecticut
32%
1634 Francia Green Bay Wisconsin
8%
No se encontraron pruebas coincidentes
Distribución de puntuación
Porcentaje de gente con cada puntuación
Porcentaje por número respondido
Historial de tus puntuaciones
No has intentado esta prueba.